000 00604nam a2200205 a 4500
001 42550
003 BD-RjUL
005 20211209053546.0
008 160613s1950 xxu||||| |||| 001 0 eng d
035 _a(BD-RjUL)42668
040 _aBD-RjUL
_beng
_cBD-RjUL
041 _aeng
082 _223
_a330
_bNEW 1950
100 _aNef, John U.
_9130844
245 1 0 _aWar and human progress :
_bAn essay on the rise of industrial civilization /
_cJohn U. Nef
260 _aLondon :
_bRoutledge & kegan paul,
_c1950
300 _aix, 464 p. ;
_c25 cm.
650 _aEconomics
_9130845
942 _2ddc
_cBK
999 _c42550
_d42550